Electromagnetics : (Record no. 1392)

MARC details
000 -LEADER
fixed length control field 01406nac a22003251i 4500
003 - CONTROL NUMBER IDENTIFIER
control field EG-ScBUE
005 - DATE AND TIME OF LATEST TRANSACTION
control field 20250622091549.0
008 - FIXED-LENGTH DATA ELEMENTS--GENERAL INFORMATION
fixed length control field 250611s1999 maua f b 001 0 eng d
020 ## - INTERNATIONAL STANDARD BOOK NUMBER
International Standard Book Number 0071164294
020 ## - INTERNATIONAL STANDARD BOOK NUMBER
International Standard Book Number 9780071164290
040 ## - CATALOGING SOURCE
Original cataloging agency EG-ScBUE
Language of cataloging eng
Description conventions rda
Transcribing agency EG-ScBUE
Modifying agency EG-ScBUE
082 04 - DEWEY DECIMAL CLASSIFICATION NUMBER
Classification number 537
Item number KRA
Edition number 22
100 1# - MAIN ENTRY--PERSONAL NAME
Personal name Kraus, John D.,
Dates associated with a name 1910-2004,
Relator term author.
245 ## - TITLE STATEMENT
Title Electromagnetics :
Remainder of title with applications /
Statement of responsibility, etc John D. Kraus, mcDougal professor of electrical, engineering and astronomy, emeritus, Ohio State University, Daniel A. Fleisch, chief scientist, Aeroflex-Lintek Corp, visiting assistance professor, Wittenberg University ; with a chapter on electromagnetic effects in high speed digital systems by Samuel H. Russ.
250 ## - EDITION STATEMENT
Edition statement Fifth edition.
250 ## - EDITION STATEMENT
Edition statement International edition.
264 #1 - PUBLICATION, DISTRIBUTION, ETC. (IMPRINT)
Place of publication, distribution, etc Boston, Massachusetts :
Name of publisher, distributor, etc WCB McGraw-Hill,
Date of publication, distribution, etc 1999.
300 ## - PHYSICAL DESCRIPTION
Extent xix, 617 pages :
Other physical details illustrations (some color) ;
Dimensions 24 cm.
336 ## - CONTENT TYPE
Source rdacontent
Content type term text
Content type code txt
337 ## - MEDIA TYPE
Media type term unmediated
Source rdamedia
Media type code n
338 ## - CARRIER TYPE
Carrier type term volume
Carrier type code nc
Source rdacarrier
490 0# - SERIES STATEMENT
Series statement McGraw-Hill series in electrical and computer engineering
500 ## - GENERAL NOTE
General note Includes Appendices.<br/>
504 ## - BIBLIOGRAPHY, ETC. NOTE
Bibliography, etc Includes bibliographical references and index.
650 #7 - SUBJECT ADDED ENTRY--TOPICAL TERM
Topical term or geographic name as entry element Electromagnetic theory.
Source of heading or term BUEsh
655 ## - INDEX TERM--GENRE/FORM
Form subdivision Reading book
700 1# - ADDED ENTRY--PERSONAL NAME
Personal name Fleisch, Daniel A.,
Relator term author.
700 1# - ADDED ENTRY--PERSONAL NAME
Personal name Russ, Samuel H.,
Relator term author.
942 ## - ADDED ENTRY ELEMENTS (KOHA)
Koha item type Book - Borrowing
Source of classification or shelving scheme Dewey Decimal Classification
Holdings
Withdrawn status Lost status Source of classification or shelving scheme Damaged status Not for loan Collection code Home library Current library Shelving location Date acquired Source of acquisition Total Checkouts Total Renewals Full call number Barcode Date last seen Date checked out Price effective from Koha item type
    Dewey Decimal Classification     Baccah Central Library Central Library First floor 06/09/2006 Purchase 5 3 537 KRA 000003060 15/07/2025 24/09/2016 06/09/2006 Book - Borrowing